000 00588nam a2200181Ia 4500
008 090123s9999 xx 000 0 und d
082 _b14377
100 _aआपटे श्री.स.
245 _aबहुरत्ना वसुंधरा
250 _a1
260 _bविद्यार्थी प्रकाशन
300 _a312
600 _aआपटे श्री.स.
630 _aबहुरत्ना वसुंधरा
700 _aआपटे श्री.स.
730 _aबहुरत्ना वसुंधरा
942 _cBOOK
999 _c52438
_d52438